| 000 | 00522nam a2200181Ia 4500 | ||
|---|---|---|---|
| 008 | 100920s9999 xx 000 0 und d | ||
| 082 |
_b91788 _a--- न 04 |
||
| 100 | _aदिवाण वंृदा | ||
| 245 | _aकाळोख. | ||
| 260 |
_bपायल पब्लिकेशन, पुणे. _c2004 |
||
| 300 |
_a219 _bसाधी |
||
| 365 | _b180 | ||
| 520 | _aकादंबरी. | ||
| 630 | _aकाळोख. | ||
| 650 | _aकादंबरी. | ||
| 730 | _aकाळोख. | ||
| 942 | _cBOOK | ||
| 999 |
_c732254 _d732251 |
||